Cities of Ukraine - Satellite - Statistics

General Stats
  • This quiz has been taken 23 times
  • The average score is 8 of 33
Answer Stats
Picture Answer % Correct
Dnipro
82%
Kyiv
76%
Mariupol
71%
Sevastopol
65%
Kherson
53%
Donetsk
47%
Mykolaiv
47%
Kharkiv
41%
Odessa
41%
Yalta
41%
Zaporizhzhia
35%
Berdyansk
29%
Cherkasy
24%
Lviv
24%
Nikopol
24%
Ivano-Frankivsk
18%
Kryvyi Rih
18%
Bakhmut
12%
Chernihiv
12%
Enerhodar
12%
Feodosia
12%
Kerch
12%
Kremenchuk
6%
Luhansk
6%
Lysychansk
6%
Sievierodonetsk
6%
Vinnytsia
6%
Yevpatoriya
6%
Henichesk
0%
Izmail
0%
Poltava
0%
Simferopol
0%
Uzhhorod
0%
No matching quizzes found
Score Distribution
Percent of People with Each Score
Percentile by Number Answered
Your Score History
You have not taken this quiz